000 01081cam a2200289 i 4500
001 24281
003 Mx-PuUPA
005 20250508151056.0
008 140415s1973 mx a fr 001 0 eng d
040 _aMx-PuUPA
_bspa
_cMx-PuUPA
_dMx-PuUPA
_erda
041 0 _aeng
100 1 _aWahlig, Charles J.,
_917028
_eautor
245 1 0 _aPast, present and future of Juan Diego :
_bheroic figure of the natural and supernatural /
_cC. J. Wahlig
246 1 4 _aJuan Diego :
_bpast, present and future of the heroic figure of the natural and supernatural
250 _aSecond edition
264 1 _aMéxico, D.F. :
_bEditorial Progreso,
_c1973
300 _a148 páginas :
_bilustraciones ;
_c17 cm
336 _2rdacontent
_atexto
_btxt
337 _2rdamedia
_asin medio
_bn
338 _2rdacarrier
_avolumen
_bnc
600 0 4 _aJuan Diego, Santo
_d1474-1543
_vBiografía
600 0 4 _aGuadalupe, Virgen de
_xApariciones y milagros
650 7 _aCatólicos
_zMéxico
_xHistoria
_2armarc
942 _2ddc
_cLI
_h270.092
_iW36
999 _c24281
_d24281